00657nam a22002057a 4500003000500000005001700005008004100022010001000063011001000073035001000083040000900093100002300102245009800125260004800223300001000271500009100281650003000372650002600402700002300428CHAP20220329140048.0971013s1967 r 00010 d a46407 a47379 a51521 cCHAP00aThomas, Charles L. aQuímica orgánica avanzada; teoría y aplicación y efectos en la tecnología petrolera aMarcus, Hook, Pa. :bSun oil Company,c1967 a42 p. aPresentado como ponencia en : Congreso Mundial del Petróleo. 7, México, D.F., 196714aPetróleoxRefinación.14aQuímica orgánica.0 aMcNeils, Edward J.